000 00433nam a2200145Ia 4500
008 100415s9999 xx 000 0 und d
082 _b6599
_a595.78
100 _aSudd John H
245 _aAn Introduction to the Behaviour of Ants
260 _aLONDON
_c1967
_bEDWARD ARNOLD PUBLISHERS
365 _b0
630 _aAn Introduction to the Behaviour of Ants
730 _aAn Introduction to the Behaviour of Ants
942 _cBOOK
999 _c589566
_d589563